00947nam a22002537a 45000010005000000030006000050050017000110080041000280200015000690400029000840500012001130820010001251000022001352450122001572500044002792600038003233000048003615050008004095200176004175210029005935210020006226500024006427000027006665546FISKH20241217121643.0241217b cb ||||| |||| 00| 0 eng d a0439633591 aFISKHbengcFISKHdFISKH aQL467.2 a595.7 aGikow, Louise A.  aRipley's incredible insects :cby Louise A. Gikowb... the wonders of insects revealed through facts and photos ... / aFirst Scholastic printing, January 2004 aNew York :bScholastic ;c2004 .  a59 pages : bcolor illustrations ;c29 cm . aS  aThe wonders of insects revealed through facts and photos... Beautiful, clear photographs and illuctions appear on every fascinating page of this oversized-full-color book.8 a800 bLexile estimate 8 aZ bRaz-Plus  anaturevNon-fiction aKoken, Tom eDesigner